000
00242nam a22000857a 4500
110
1
_a
Universidad del Caribe
_9
18787
245
0
4
_a
LIV Quincuagésima cuarta graduación ordinaria
264
_a
Santo Domingo :
_b
Búho,
_c
2024.
300
_a
12 páginas :
999
_c
58530
_d
58530